1992: the single market (Record no. 93046)

MARC details
000 -LEADER
fixed length control field 00531cam a2200205 4500
001 - CONTROL NUMBER
control field B2817
008 - FIXED-LENGTH DATA ELEMENTS--GENERAL INFORMATION
fixed length control field 090401t1989 xxu||||| |||| 00| 0 eng d
035 ## - SYSTEM CONTROL NUMBER
System control number (Sirsi) u52364
041 ## - LANGUAGE CODE
Language code of text/sound track or separate title eng
050 ## - LIBRARY OF CONGRESS CALL NUMBER
Classification number 382.9142
090 ## - LOCALLY ASSIGNED LC-TYPE CALL NUMBER (OCLC); LOCAL CALL NUMBER (RLIN)
Classification number (OCLC) (R) ; Classification number, CALL (RLIN) (NR) RICS 1989/82ABCD
110 ## - MAIN ENTRY--CORPORATE NAME
Corporate name or jurisdiction name as entry element Royal Institution of Chartered Surveyors
Subordinate unit Scotland
9 (RLIN) 3082
245 ## - TITLE STATEMENT
Title 1992: the single market
260 ## - PUBLICATION, DISTRIBUTION, ETC.
Place of publication, distribution, etc. Edinburgh
Name of publisher, distributor, etc. RICS in Scotland
Date of publication, distribution, etc. 1989
300 ## - PHYSICAL DESCRIPTION
Extent 22p. ; 21cm.
350 ## - PRICE (NR) (BK AM CF MU VM SE) [OBSOLETE]
Price 15
650 ## - SUBJECT ADDED ENTRY--TOPICAL TERM
Topical term or geographic name entry element ABOUT RICS-RICS MEMBERS
942 ## - ADDED ENTRY ELEMENTS (KOHA)
Suppress in OPAC 0
948 ## - LOCAL PROCESSING INFORMATION (OCLC); SERIES PART DESIGNATOR (RLIN)
c (OCLC) 04/03/1997
Holdings
Withdrawn status Lost status Source of classification or shelving scheme Damaged status Not for loan Home library Current library Shelving location Date acquired Cost, normal purchase price Total Checkouts Full call number Barcode Date last seen Copy number Cost, replacement price Price effective from Koha item type
    Dewey Decimal Classification     London London RICS Boxes 20/08/1991 15.00   RICS 1989/82 30022722 06/08/2019 1 15.00 06/08/2019 Archive
    Dewey Decimal Classification     London London RICS Boxes 20/08/1991 15.00   RICS 1989/82 30031653 06/08/2019 2 15.00 06/08/2019 Reference material
    Dewey Decimal Classification     London London RICS Boxes 20/08/1991 15.00   RICS 1989/82 30031657 06/08/2019 3 15.00 06/08/2019 Book
    Dewey Decimal Classification     London London RICS Boxes 20/08/1991 15.00   RICS 1989/82 30031670 06/08/2019 4 15.00 06/08/2019 Book